Maravillas de fábrica /

En el siglo XXI, el mundo industrial se asocia a ciudades congestionadas, fábricas llenas de maquinaria, horarios rutinarios y aglomeraciones de la hora punta. Todo esto tiene su origen en los grandes inventos y cambios monumentales surgidos durante la Revolución Industrial. James Watt se obsesionó...

Descripción completa

Guardado en:
Autor Principal: Pink, Billie
Autor Corporativo: History Channel.
Formato: Deslizar
Publicado: Reino Unido, 2003.
Series:¿Qué hizo la Revolución Industrial por nosotros? - Capítulo 2
Materias:
Etiquetas: Agregar Etiqueta
Sin Etiquetas, Sea el primero en etiquetar este registro!
LEADER 01797ngm a22003375g 4500
001 CEM.cems023591
008 130507s2003##################0###0#####d
005 20250610153624.0
245 1 0 |a Maravillas de fábrica /  |c Billie Pink. 
260 |a Reino Unido,  |c 2003. 
300 |a 29'. 
490 0 |a ¿Qué hizo la Revolución Industrial por nosotros? - Capítulo 2 
500 |a Consultar en ventanilla. 
538 |a Soporte: DVD - Color: Si - Grabación DRD 
520 |a En el siglo XXI, el mundo industrial se asocia a ciudades congestionadas, fábricas llenas de maquinaria, horarios rutinarios y aglomeraciones de la hora punta. Todo esto tiene su origen en los grandes inventos y cambios monumentales surgidos durante la Revolución Industrial. James Watt se obsesionó con el hervidor que usaba su tía, y de esta obsesión nació la idea de crear la máquina a vapor. Richard Awkright inventó el marco giratorio para máquinas de hilar. Con este invento nació la primera fábrica y surgió el concepto de salir a trabajar fuera de casa. Humphrey Davy creó la lámpara de minero. El programa hace un recorrido por los fascinantes y a menudo sorprendentes descubrimientos que ayudaron a conformar la industria del siglo XXI, desde las centrales nucleares hasta la fotocopiadora. 
100 1 |a Pink, Billie 
710 2 |a History Channel. 
082 6 0 |/ PIN 
653 |a HISTORIA 
653 |a HISTORIA MODERNA 
653 |a HISTORIA UNIVERSAL 
653 |a REVOLUCION INDUSTRIAL 
653 |a INDUSTRIA 
653 |a INDUSTRIA TEXTIL 
653 |a INDUSTRIALIZACION 
653 |a TECNOLOGIA 
653 |a INVENTOS 
653 |a INVENTORES 
653 |a FABRICAS 
653 |a SERIE DE TELEVISIÓN 
859 |a CEMS  |b BIB. CEMS - Depto. Recursos Didacticos  |h 609  |i PIN  |k DRD  |p 2234.15  |t Ej.1